| 000 | 01001nas a2200325 4500 | ||
|---|---|---|---|
| 001 | BR9705261 | ||
| 003 | BR-BrBNA | ||
| 005 | 20231205100624.0 | ||
| 007 | ta | ||
| 008 | 230509b bl.|||p| |||| 00| 00por d | ||
| 040 |
_aBR-BrBNA _bpor _cBiblioteca Nacional de Agricultura |
||
| 041 | _a(Pt) | ||
| 072 | _aH20 | ||
| 100 | 1 | _aReis, E.M. | |
| 100 | 1 | _aCasa, R.T. | |
| 100 | 1 | _aBlum, M.M.C. | |
| 100 | 1 | _aSantos, H.P. dos | |
| 100 | 1 | _aMedeiros, C.A. | |
| 245 | 1 | _aEfeitos de praticas culturais na severidade de manchas foliares do trigo e sua relacao com a incidencia de fungos patogenicos na semente colhida | |
| 650 | _aTrigo | ||
| 650 | _aMancha Foliar | ||
| 650 | _aSemente | ||
| 650 | _aPratica Cultural | ||
| 650 | _aManejo do Solo | ||
| 650 | _aRotacao de Cultura | ||
| 650 | _aPlantio Direto | ||
| 773 | 0 |
_tFitopatologia Brasileira (Brazil) _xISSN 0100-4158 _g(Sep 1997), v. 22(3) p. 407-412 _wBR9705261 |
|
| 909 |
_a202311 _bLúcia _c55 _dLúcia Elande |
||
| 942 |
_2AGRIS _n0 _cANA |
||
| 999 |
_c157061 _d157061 |
||